| 000 | 02474cam a22003374i 4500 | ||
|---|---|---|---|
| 003 | PE-LiUPU | ||
| 005 | 20250731175632.0 | ||
| 008 | 150625s r 000 0 d | ||
| 035 | _a(Sirsi) a30915 | ||
| 040 |
_aPE-LiUPU _bspa _cPE-LiUPU _erda |
||
| 082 | 0 | 4 |
_a498.385662 _bH.41 _221 |
| 100 | 1 |
_aHornberger Nancy H., _eautor. |
|
| 245 | 1 | 0 | _aHahu Yachaywasiman. |
| 264 | 1 |
_aLima : _bEd Graf SRL., _c1989. |
|
| 300 |
_a371 páginas : _bMapas ; _c22 cm. |
||
| 336 |
_atext _2rdacontent |
||
| 337 |
_aunmediated _2rdamedia |
||
| 338 |
_avolume _2rdacarrier |
||
| 505 | 0 | _aEscuelas, lengua y comunidad. - El estudio dentro de su marco teórico y metodológico. - Estudio de caso de políticas. - Escuelas, lengua y Quechuahablantes en el Perú: política de los años 70. - La regorma educativa. - Política nacional de educación biingue. - La oficialización del quechua. - Escuelas, lengua y Quechuahablantes en Puno. - LA escolaridad en Puno en el siglo XX. - Orientación rural. - Modelo de educación bilingue. - Escuelas del proyecto. - Lazs institucionales. - La lengua en la comunidad. - Individuo, lengua y comunidad. - Las dos comunidades. - Permanecia. - Ideología lingüïstica en la comunidad. - -Quechua devaluado. - El castellano valorado. - Variedad del quechua. - Uso idiomático en la comunidad. - Dominios del Aillu y del no-aillu. - Cambio de código y prestamo léxico. - La lengua en la escuela. - Las escuelas de la comunidad. - Uso idiomático en las escuelas NO PEEB. - Uso idiomático en las escuelas PEEB. - Planeamiento de las escuelas, de la lengua y de la comunidad. - Mantenimiento idiomático quechua en la comunidad. - territorio común, trabajo, familias, fiestas. - Escuela. - El PEEB en la escuela y en la comunidad. - El PEEB y la participación del alumno. - El PEEB y las técnicasdel maestro. - El PEEB y la comunidad. - Educación bilingue, mantenimiento idiomático y planificación. | |
| 526 | _aP145 | ||
| 526 | _aP127 | ||
| 526 | _aP97 | ||
| 526 | _aP35 | ||
| 526 | _aP14 | ||
| 526 | _aP07 | ||
| 942 |
_2ddc _cBOOK |
||
| 949 |
_a498.385662 H.41 _wDEWEY _c1 _i33169 _lCCODEBUL1 _mBUL _p00.00 _r0 _sY _tBOOK _u2015-06-25 _xBIBLIOTECA _zUNKNOWN _0COMPRA _o.STAFF. Colección General |
||
| 596 | _a1 | ||
| 999 |
_a498.385662 H.41 _wDEWEY _c38411 _i33169 _f2021-11-5 _g5 _lCCODEBUL1 _mBUL _r0 _sN _tBOOK _u2015-6-25 _xBIBLIOTECA _zUNKNOWN _0COMPRA _o.STAFF. Colección General _d38411 |
||
| 980 |
_81 _gALBERTO SANCHEZ Responsable de Automatización |
||